Jak se vybírají daně v unii

Rozdielnosť existujúceho systému dane z pridanej hodnoty v Európskej únii a v Česku. Fungovanie nového systému zdaňovania tovarov v EÚ od roku 1993. Základné kategórie systému zdaňovania tovarov v EÚ.

Guardado en:
Detalles Bibliográficos
Autor principal: Tomíček, Milan
Formato: Capítulo de libro
Lenguaje:checo
Materias:
Etiquetas: Agregar Etiqueta
Sin Etiquetas, Sea el primero en etiquetar este registro!

MARC

LEADER 00000naa a2200000 4500
001 r035251
005 20230920100011.5
041 0 |a cze 
044 |a CZ 
245 1 0 |a Jak se vybírají daně v unii  |c Milan Tomíček 
520 |a Rozdielnosť existujúceho systému dane z pridanej hodnoty v Európskej únii a v Česku. Fungovanie nového systému zdaňovania tovarov v EÚ od roku 1993. Základné kategórie systému zdaňovania tovarov v EÚ. 
610 2 0 |a sústava daňová 
610 2 0 |a zdaňovanie 
610 2 0 |a Európska únia 
610 2 0 |a Česko 
610 2 0 |a dane z hodnoty pridanej 
610 2 0 |a osoby fyzické 
610 2 0 |a osoby právnické 
100 1 |a Tomíček, Milan